Ägypten /

محفوظ في:

المؤلف الرئيسي: Strelocke, Hans.

التنسيق: كتاب

اللغة: German

منشور في: München : Polyglott-Verl., 1982.

الطبعة: 8. Aufl.

سلاسل: Der große Polyglott : Reiseführer.

الموضوعات:

الوسوم: إضافة وسم

لا توجد وسوم, كن أول من يضع وسما على هذه التسجيلة!

رقم الطلب: DT45 .S68 1982

LEADER 00776nam a2200241Ia 4500
003 OSt
005 20230511095747.0
008 220611s1982 gw a 000 0 ger d
952 |0 0  |1 0  |2 lcc  |4 0  |6 DT0045 S68 01982  |7 1  |9 47379  |a ARCE  |b ARCE  |d 2023-05-11  |l 0  |o DT45 .S68 1982  |p 1009358  |r 2023-05-11 00:00:00  |w 2023-05-11  |y BK 
999 |c 47544  |d 47544 
020 |a 3493601263 
040 |c ARCE Library 
050 4 |a DT45 .S68 1982 
100 1 |a Strelocke, Hans. 
245 1 0 |a Ägypten /   |c Hans Strelocke. 
250 |a 8. Aufl. 
264 1 |a München :   |b Polyglott-Verl.,   |c 1982. 
300 |a 400 p. :   |b ill. ;   |c 16 cm. 
490 0 |a Der große Polyglott : Reiseführer. 
651 0 |a Egypt   |x Description and travel. 
651 0 |a Egypt   |x Guidebooks. 
901 |a reviewed 
942 |2 lcc  |c BK